UBT Library

The open handbook : (Record no. 45150)

000 -LEADER
fixed length control field 00794cam a2200265 a 4500
001 - CONTROL NUMBER
control field 14608449
005 - DATE AND TIME OF LATEST TRANSACTION
control field 20180315085901.0
008 - FIXED-LENGTH DATA ELEMENTS--GENERAL INFORMATION
fixed length control field 061024s2007 maua 000 0 eng d
010 ## - LIBRARY OF CONGRESS CONTROL NUMBER
LC control number 2006284733
020 ## - INTERNATIONAL STANDARD BOOK NUMBER
International Standard Book Number 0618607153 (Student ed. : spiral binding)
020 ## - INTERNATIONAL STANDARD BOOK NUMBER
International Standard Book Number 0618730605 (Instructor's ed.)
035 ## - SYSTEM CONTROL NUMBER
System control number (OCoLC)ocm64414562
040 ## - CATALOGING SOURCE
Original cataloging agency OSC
Transcribing agency OSC
Modifying agency BAKER
-- DLC
041 ## - LANGUAGE CODE
Language code of text/sound track or separate title eng
042 ## - AUTHENTICATION CODE
Authentication code lccopycat
080 ## - UNIVERSAL DECIMAL CLASSIFICATION NUMBER
Universal Decimal Classification number 37 RAI
082 ## - DEWEY DECIMAL CLASSIFICATION NUMBER
Classification number 37 RAI
100 1# - Rafti
Rafti 25
101 ## - Shkurtesa
Shkurtesa EDU
245 14 - TITLE STATEMENT
Title The open handbook :
Statement of responsibility, etc Ann Raimes, with Maria Jerskey
504 ## - BIBLIOGRAPHY, ETC. NOTE
Bibliography, etc Includes bibliographical references and index
906 ## - LOCAL DATA ELEMENT F, LDF (RLIN)
a 7
b cbc
c copycat
d 2
e ncip
f 20
g y-gencatlg
942 ## - ADDED ENTRY ELEMENTS (KOHA)
Source of classification or shelving scheme
Item type Books
Holdings
Withdrawn status Lost status Source of classification or shelving scheme Damaged status Not for loan Collection code Permanent location Current location Shelving location Date acquired Total Checkouts Full call number Barcode Date last seen Price effective from Koha item type
          Koleksioni i përgjithshem UBT - Lipjan UBT - Lipjan Koleksioni i përgjithshem 03/15/2018   37 RAI 002-3001681 03/15/2018 03/15/2018 Books
UBT Library © 2015-2024. All rights reserved University Education for Business and Technology